000 00934nas a2200301 4500
001 BR2012009158
003 BR-BrBNA
005 20231205121551.0
007 ta
008 230509b bl.|||p| |||| 00| 00por d
040 _aBR-BrBNA
_bpor
_cBiblioteca Nacional de Agricultura
041 _a(Pt)
072 _aQ04; Q03
100 1 _aCattelan, M.G.
100 1 _aSantos,A.B.
100 1 _aHoffmann, F.L.
245 1 _aAtividade antibacteriana de óleo essencial de canela (Cinnamomum zeylanicum)sobre Escherichia coli
650 _aCONSUMIDOR
650 _aCANELA
650 _aÓLEO ESSENCIAL
650 _aCOMPOSIÇÃO QUÍMICA
650 _aADITIVO
650 _aPRESERVAÇÃO DE ALIMENTO
650 _aINDÚSTRIA ALIMENTÍCIA
773 0 _tHigiene Alimentar (Brazil)
_xISSN 0101-9171
_g(Jul-Aug 2012), v. 26(210-211) p. 173-175
_wBR2012009158
909 _a202311
_bLúcia
_c55
_dLúcia Elande
942 _2AGRIS
_n0
_cANA
999 _c224158
_d224158